| 000 | 00479nam a2200181Ia 4500 | ||
|---|---|---|---|
| 003 | GCL | ||
| 008 | 140319s9999 xx 000 0 eng d | ||
| 040 |
_aGCL / _cGCL |
||
| 082 | 0 | 4 |
_a414.8 _bA P |
| 100 | 1 | _aABDALLA ABU NABA'H | |
| 245 | 1 | 0 |
_aTHE PHONETICS OF ENGLISH FOR ARAB STUDENTS / _cABDALLA ABU NABA'H |
| 260 |
_aالكويت : _bAL FALAH LIBRARY |
||
| 300 |
_a24 CM ؛ _c309 P |
||
| 650 | 0 | 4 | _aPHONETICS |
| 650 | 0 | 4 | _aPHONOLOGY |
| 650 | 0 | 4 | _aLANGUAGES |
| 942 |
_2ddc _cBK |
||
| 999 |
_c7427 _d7427 |
||